000 00759nam a2200289Ia 4500
003 OSt
005 20250728094755.0
008 210210b2016 xxu||||| |||| 00| 0 eng d
020 _a9788190821377
040 _cAL
041 _aeng
082 _a581.9548 GAMF
100 _aGamble J S
_9212736
245 _aFlora of the presidency of Madras Vol III
260 _aDelhi
_bNot Mentioned
_c2016
300 _axxxx,671p
520 _aUlmaceae to Gramineae Addenda Corrigenda and Index
650 _aUlmaceae
_9212738
650 _apresidency
_9212740
650 _aMadras
_9212741
650 _aIndex
_9212742
650 _aGramineae
_9212744
650 _aCorrigenda
_9212746
690 _aBotany
_9212748
906 _a073230
942 _2ddc
_cREF
999 _c123085
_d123085